| 000 | 00385nam a2200145Ia 4500 | ||
|---|---|---|---|
| 008 | 230917s9999||||xx |||||||||||||| ||und|| | ||
| 040 |
_e207063 _aMAIN |
||
| 041 | _aEnglish | ||
| 082 | _a340 S97C | ||
| 100 | _aShyamala, A S | ||
| 245 | 0 | _aConstitutional contours of the right to speedy trial and the judicial response | |
| 260 | _aVisakhapatnam | ||
| 300 | _a309 p. | ||
| 942 | _cTH | ||
| 999 |
_c125806 _d125806 |
||